La cuestión social
| Main Author: | |
|---|---|
| Format: | Print Book |
| Language: | Spanish |
| Subito Delivery Service: | Order now. |
| Check availability: | HBZ Gateway |
| WorldCat: | WorldCat |
| Interlibrary Loan: | Interlibrary Loan for the Fachinformationsdienste (Specialized Information Services in Germany) |
| Published: |
Santiago de Chile
Unión Social Católica
[circa 1924]
|
| In: | Year: 1924 |
| Further subjects: | B
Christian ethics (motif)
B Christian social ethics B Holy See (motif) B Chile |
MARC
| LEADER | 00000cam a2200000 c 4500 | ||
|---|---|---|---|
| 001 | 1092334742 | ||
| 003 | DE-627 | ||
| 005 | 20240425204910.0 | ||
| 007 | tu | ||
| 008 | 901120s1924 xx ||||| 00| ||spa c | ||
| 035 | |a (DE-627)1092334742 | ||
| 035 | |a (DE-576)022334742 | ||
| 035 | |a (DE-599)BSZ022334742 | ||
| 035 | |a (OCoLC)12330713 | ||
| 040 | |a DE-627 |b ger |c DE-627 |e rakwb | ||
| 041 | |a spa | ||
| 084 | |a 1 |2 ssgn | ||
| 100 | 1 | |0 (DE-588)118860968 |0 (DE-627)079637078 |0 (DE-576)162435029 |4 aut |a Olgiati, Francesco |d 1886-1962 | |
| 109 | |a Olgiati, Francesco 1886-1962 |a Olgiati, Fr. 1886-1962 | ||
| 245 | 1 | 3 | |a La cuestión social |c Francisco Olgiati |
| 264 | 1 | |a Santiago de Chile |b Unión Social Católica |c [circa 1924] | |
| 300 | |a VIII, 262 S. | ||
| 336 | |a Text |b txt |2 rdacontent | ||
| 337 | |a ohne Hilfsmittel zu benutzen |b n |2 rdamedia | ||
| 338 | |a Band |b nc |2 rdacarrier | ||
| 583 | 1 | |a Archivierung prüfen |c 20200919 |f DE-640 |z 1 |2 pdager | |
| 583 | 1 | |a Archivierung/Langzeitarchivierung gewährleistet |f SSG |x XA-DE-BW |2 pdager |5 DE-21 | |
| 610 | 2 | 7 | |0 (DE-588)2009545-4 |0 (DE-627)101659261 |0 (DE-576)191644501 |a Katholische Kirche |2 gnd |
| 650 | 0 | 7 | |0 (DE-588)4069994-8 |0 (DE-627)106101706 |0 (DE-576)209178884 |a Christliche Ethik |2 gnd |
| 650 | 0 | 7 | |0 (DE-588)4121094-3 |0 (DE-627)104451378 |0 (DE-576)20954046X |a Christliche Sozialethik |2 gnd |
| 651 | 7 | |0 (DE-588)4009929-5 |0 (DE-627)104585218 |0 (DE-576)208885323 |a Chile |2 gnd | |
| 935 | |a mteo | ||
| 951 | |a BO | ||
| ELC | |b 1 | ||
| ITA | |a 1 |t 1 | ||
| LOK | |0 000 xxxxxcx a22 zn 4500 | ||
| LOK | |0 001 2154660754 | ||
| LOK | |0 003 DE-627 | ||
| LOK | |0 004 1092334742 | ||
| LOK | |0 005 20091014184738 | ||
| LOK | |0 008 901120||||||||||||||||ger||||||| | ||
| LOK | |0 040 |a DE-21 |c DE-627 |d DE-21 | ||
| LOK | |0 852 |a DE-21 | ||
| LOK | |0 852 1 |c 30 A 15653 |9 00 | ||
| LOK | |0 866 |x Direktkopie | ||
| LOK | |0 935 |a theo |a sepp | ||
| LOK | |0 936ln |a t5.2 | ||
| LOK | |0 939 |a 20-11-90 |b l01 | ||
| ORI | |a SA-MARC-ixtheoa001.raw | ||
| STA | 0 | 0 | |a Chile,Chile,Southern Chile,Northern Chile,Christian ethics (motif),Christian ethics,Ethics,Christian social ethics,Christian social teaching,Society,Social teaching,Social ethics,Holy See (motif),Catholic church,Catholic Church,Catholic Church,Former pilgrimage church Saint Ottilia |
| STB | 0 | 0 | |a Saint-Siège (motif),Église catholique,Église catholique,Éthique chrétienne (motif),Éthique chrétienne,Éthique sociale chrétienne |
| STC | 0 | 0 | |a Movimiento juvenil católico,Ética cristiana,Ética social cristiana |
| STD | 0 | 0 | |a Chiesa cattolica,Etica cristiana,Etica sociale cristiana |
| STE | 0 | 0 | |a 基督教伦理,基督教社会伦理,天主教会,罗马公教 |
| STF | 0 | 0 | |a 基督教倫理,基督教社會倫理,天主教會,羅馬公教 |
| STG | 0 | 0 | |a Igreja católica,Ética cristã,Ética social cristã |
| STH | 0 | 0 | |a Католическая церковь (мотив),Христианская социальная этика,Христианская этика |
| STI | 0 | 0 | |a Καθολική Εκκλησία (μοτίβο),Χριστιανική ηθική,Χριστιανική κοινωνική ηθική |
| SYB | 0 | 0 | |a Katolikus Egyház,RCC,Katoličeskaj Cerkovʹ,Katoličke Cerkve,Katolska Cyrkej,Katolske Kirke,Ecclesia Catholica,Igreja Católica,Römisch-Katholische Kirche,Katholikē Ekklēsia,Catholic Church,Roman Catholic Church,Eglise Catholique,Eglise Catholique Romaine,Chiesa Cattolica,Katholieke Kerk,Iglesia Católica,Katolické Církve,Kościoł Katolicki,Katoličke Crkve,Eglise catholique romaine,Chiesa cattolica romana,Roman catholic Church,Eglise catholique,Römische Kirche , Eglise catholique,Roman Catholic Church,Catholic Church , Ehemalige Wallfahrtskirche Sankt Ottilia |
| SYE | 0 | 0 | |a Christliche Moral , Christentum,Christliche Soziallehre,Gesellschaftstheologie,Sozialtheologie,Soziallehre,Christliche Gesellschaftslehre |
| SYF | 0 | 0 | |a Königreich Chile,República de Chile,Republik Chile |